00822nam a2200217 i 45000010005000000030009000050050017000140080041000310200018000720800024000901000030001142450117001442500012002612600055002733000022003286510047003506510052003978520020004499990015004699520120004845994ES-MaACL20230906144745.0890620s1982 mx |||| | spa d a968-16-0822-4 a9(42:46)"1558/1660"1 aMaltby, William S.97586313aLa leyenda negra en Inglaterra b: desarrollo del sentimiento antihispánico (1558-1660) / cWilliam S. Maltby. a1ª ed. aMéxico : bFondo de Cultura Económica, c1982. a181 p. ; c21 cm. 4aEspaña-xHistoria-xLeyenda negra.98346 4aGran Bretaña-xRelaciones-zEspaña.9143993 aES-MaACLjF-823 c5994d5994 00104070aATENEOMbATENEOMcDEPO2d2008-01-17eSCl0oF-823p1006092r2023-02-23 00:00:00w2023-02-23yMONOGRAFIA